|
|
|
|
| LEADER |
01074nam a22002531 4500 |
| 001 |
c000205645 |
| 003 |
CARM |
| 005 |
20021125002000.0 |
| 008 |
851211s1922 sp 0 spa d |
| 019 |
1 |
|
|a 4161359
|5 LACONCORD2021
|
| 035 |
|
|
|a (OCoLC)219715634
|5 LACONCORD2021
|
| 100 |
1 |
|
|a Larra, Mariano José de,
|d 1809-1837.
|
| 245 |
1 |
0 |
|a Articulos de costumbres :
|b por Larra. Edicion, prologo y notas de J.R.Lomba y Pedraja.
|
| 260 |
|
|
|a Madrid :
|b Espasa-Calpe,
|c 1922.
|
| 440 |
|
0 |
|a Clásicos castellanos ;
|v 45
|
| 500 |
|
|
|a 1965 reprint.
|
| 651 |
|
0 |
|a Spain
|x Social life and customs.
|
| 700 |
2 |
|
|a Lomba y Pedraja, José R.
|q (José Ramón),
|d b. 1868.
|
| 852 |
8 |
|
|b CARM
|h A2:AK29A0
|i A03086
|p 0287833
|f BK
|
| 852 |
8 |
|
|b CARM
|h A2:AN03A0
|i A03387
|p 0301695
|f BK
|
| 082 |
0 |
4 |
|a 868.5
|
| 999 |
f |
f |
|i 625926c8-d51f-5607-93c2-56c6671113ea
|s 7d72d77c-93bc-5fd0-896c-5bebd8d4d997
|
| 952 |
f |
f |
|p Can circulate
|a CAVAL
|b CAVAL
|c CAVAL
|d CARM 1 Store
|e A03387
|f A2:AN03A0
|h Other scheme
|i book
|m 0301695
|
| 952 |
f |
f |
|p Can circulate
|a CAVAL
|b CAVAL
|c CAVAL
|d CARM 1 Store
|e A03086
|f A2:AK29A0
|h Other scheme
|i book
|m 0287833
|